000 01129aam a2200325 i 4500
001 768714001
003 CO-MdFUSB
005 20211216151826.0
007 ta
008 211216t1982 sp |||| |||| 00| 0 spa d
020 _a8472287335
040 _bspa.
_aCO-MdFUSB
_cCO-MdFUSB
_dCO-MdFUSBC
_erda
041 _aspa
_heng
082 0 4 _a270.1
_223
_b M4788r
100 1 _aMcBirnie, William Steuart
_eautor
240 _aThe search for the early church
245 3 _aEl retorno a la iglesia primitiva
_c/ W. Steuart McBirnie ; traducido por Samuel Vila
264 1 _aTerrassa, Barcelona, España :
_bClie,
_c[1982]
264 4 _c© 1982
300 _a201 páginas
_c; 18 cm
336 _atexto
_btxt
_2rdacontent
337 _2rdamedia
_asin mediación
_bn
338 _2rdacarrier
_avolumen
_bnc
505 _tPrimera parte. Iglesias de la época del Nuevo Testamento. Sus principios. Segunda parte. Las iglesias del Nuevo Testamento hoy. Aplicación práctica.
563 _aRústico
650 0 _9153
_aHistoria de la Iglesia
700 _92027
_aVila, Samuel,
_etraductor
942 _cBK
945 _aJTF-925
999 _c38680
_d38680